Parma Calcio Squad 2024-2025 - Statistics

General Stats
  • This quiz has been taken 225 times
    89 since last reset
  • The average score is 21 of 37
Answer Stats
# Position Nation Player % Correct
31 GK Japan Zion Suzuki
94%
98 FW Romania Dennis Man
92%
13 FW France Ange-Yoan Bonny
82%
- Coach Romania Cristian Chivu
82%
10 MF Spain Adrián Bernabé
78%
28 FW Romania Valentin Mihăilă
78%
30 FW Bosnia and Herzegovina Milan Đurić
74%
19 MF Switzerland Simon Sohm
74%
4 DF Hungary Botond Balogh
72%
15 DF Italy Enrico Delprato
72%
32 FW Argentina Mateo Pellegrino
69%
5 DF Argentina Lautaro Valenti
68%
46 DF Italy Giovanni Leoni
66%
16 MF Belgium Mandela Keita
66%
27 MF Brazil Hernani
65%
1 GK Argentina Leandro Chichizola
65%
- Coach Italy Fabio Pecchia
63%
14 DF Italy Emanuele Valeri
62%
11 FW Sweden Pontus Almqvist
60%
8 MF Argentina Nahuel Estévez
58%
39 DF Australia Alessandro Circati
57%
17 FW Sweden Jacob Ondrejka
57%
9 FW Congo Gabriel Charpentier
54%
7 FW Poland Adrian Benedyczak
52%
3 DF Venezuela Yordan Osorio
52%
61 FW Tunisia Anas Haj Mohamed
51%
22 FW Italy Matteo Cancellieri
48%
26 DF France Woyo Coulibaly
42%
21 DF Italy Alessandro Vogliacco
40%
23 MF Ivory Coast Drissa Camara
35%
40 GK Italy Edoardo Corvi
35%
20 MF France Antoine Hainaut
34%
18 DF Norway Mathias Løvik
34%
62 FW Poland Mateusz Kowalski
31%
25 MF France Wylan Cyprien
25%
77 DF Italy Gianluca Di Chiara
20%
33 GK Italy Richard Marcone
12%
No matching quizzes found
Score Distribution
Percent of People with Each Score
Percentile by Number Answered
Your Score History
You have not taken this quiz since the last reset